[Event "Guernsey Holiday op 40th"]
[Site "Guernsey"]
[Date "2014.10.23"]
[Round "5"]
[White "Joyeux, Gerard"]
[Black "Kay, Robert Terry"]
[Result "1-0"]
[WhiteElo "1692"]
[BlackElo "1555"]
[PlyCount "79"]
[EventDate "2014.10.19"]
[EventType "swiss"]
[EventRounds "7"]
[EventCountry "GCI"]
[SourceTitle "EXT 2022"]
[Source "ChessBase"]
[SourceDate "2021.10.06"]
[SourceVersion "1"]
[SourceVersionDate "2021.10.06"]
[SourceQuality "1"]

1. d4 Nf6 2. Nc3 e6 3. e4 Bb4 4. Bg5 h6 5. Bd2 Bxc3 6. Bxc3 0-0 7. Bd3 b6 8. h3 Bb7 9. Qe2 d6 10. 0-0-0 Nbd7 11. f3 Nh5 12. Qf2 c5 13. g4 Nf4 14. Bb5 d5 15. Bd2 Ng6 16. Ne2 Rc8 17. h4 dxe4 18. dxc5 Rc7 19. Be3 Qc8 20. Bxd7 Rxd7 21. cxb6 a6 22. f4 Bd5 23. Nc3 Rfd8 24. Nxd5 exd5 25. Bd4 Ne7 26. Rh3 Nc6 27. Rc3 Qb7 28. f5 f6 29. g5 hxg5 30. hxg5 fxg5 31. f6 Rf7 32. Bc5 gxf6 33. Qf5 Ne5 34. Bd4 Qd7 35. Qf1 Qb7 36. Rc7 Rxc7 37. bxc7 Rf8 38. Qf5 Qc8 39. Qf1 Qxc7 40. Qxa6 1-0

[Event "Guernsey Holiday op 39th"]
[Site "Guernsey"]
[Date "2013.10.23"]
[Round "4"]
[White "Kaye, Michael J"]
[Black "Joyeux, Gerard"]
[Result "0-1"]
[WhiteElo "1368"]
[BlackElo "1651"]
[PlyCount "84"]
[EventDate "2013.10.20"]
[EventType "swiss"]
[EventRounds "7"]
[EventCountry "GCI"]
[SourceTitle "EXT 2022"]
[Source "ChessBase"]
[SourceDate "2021.10.06"]
[SourceVersion "1"]
[SourceVersionDate "2021.10.06"]
[SourceQuality "1"]

1. d4 d5 2. Nf3 c5 3. c3 Nc6 4. e3 Nf6 5. Bd3 cxd4 6. cxd4 a6 7. 0-0 Bg4 8. Be2 Rc8 9. a3 e6 10. Nbd2 Bd6 11. b4 Ne4 12. Bb2 Nxd2 13. Qxd2 Bxf3 14. Bxf3 0-0 15. g3 Ne7 16. Bg2 Ng6 17. f4 Bb8 18. Qd3 f5 19. Rf2 Rf7 20. Rc1 Ne7 21. Rfc2 Rxc2 22. Rxc2 Nc8 23. Qe2 Nd6 24. h3 Nc4 25. Kh2 Qe8 26. Qd3 Rc7 27. h4 Qh5 28. Qe2 Qh6 29. Bf1 Rf7 30. Qf2 b5 31. Bxc4 bxc4 32. Bc3 g5 33. fxg5 Qxh4+ 34. Kg2 Qxg5 35. Be1 Rg7 36. Kf1 Qh5 37. Qg2 Qg5 38. Re2 Bxg3 39. Qxg3 Qxg3 40. Bxg3 Rxg3 41. Kf2 Rg7 42. Kf3 Kf7 0-1

[Event "Guernsey Holiday op 39th"]
[Site "Guernsey"]
[Date "2013.10.20"]
[Round "1"]
[White "Joyeux, Gerard"]
[Black "Le Maitre, Richard"]
[Result "1/2-1/2"]
[WhiteElo "1651"]
[BlackElo "1423"]
[PlyCount "123"]
[EventDate "2013.10.20"]
[EventType "swiss"]
[EventRounds "7"]
[EventCountry "GCI"]
[SourceTitle "EXT 2022"]
[Source "ChessBase"]
[SourceDate "2021.10.06"]
[SourceVersion "1"]
[SourceVersionDate "2021.10.06"]
[SourceQuality "1"]

1. d4 d5 2. e4 e6 3. e5 a6 4. Bd3 Nc6 5. c3 Nge7 6. Nf3 g6 7. Bg5 Bg7 8. Qd2 h6 9. Be3 Nf5 10. Bxf5 exf5 11. Na3 Be6 12. Nc2 Qe7 13. a3 Na5 14. Qe2 Nc4 15. Bc1 Na5 16. Nd2 c5 17. b4 cxb4 18. axb4 Nc4 19. Na3 Nxd2 20. Bxd2 Rc8 21. 0-0 0-0 22. Nc2 Qh4 23. Ne1 Qe4 24. Qd1 Qh4 25. Nd3 Qe7 26. Nc5 Rfd8 27. Re1 g5 28. Qe2 Re8 29. b5 axb5 30. Qxb5 Rb8 31. Ra7 Bc8 32. Nd3 Qd7 33. Qb3 Qc6 34. Nb4 Qc4 35. Qb2 Be6 36. Nc2 f4 37. Na3 Qc6 38. Rb1 Re7 39. Qa1 Bf5 40. Re1 Qb6 41. Ra4 Qc6 42. Qb2 Qxa4 43. Nb5 Qc4 44. Nd6 Qd3 45. Nxf5 Qxf5 46. Qc1 b5 47. Rd1 Rc7 48. Be1 b4 49. Qb2 Rcb7 50. cxb4 Bf8 51. h3 Bxb4 52. Bxb4 Rxb4 53. Qa3 Rb1 54. Rxb1 Qxb1+ 55. Kh2 Qb3 56. Qd6 f3 57. Qxh6 fxg2 58. Qxg5+ Kf8 59. Qh6+ Ke7 60. Qf6+ Kf8 61. Qh6+ Ke7 62. Qf6+ 1/2-1/2

[Event "Guernsey Holiday op"]
[Site "Guernsey"]
[Date "2012.10.26"]
[Round "6"]
[White "Le Maitre, Richard"]
[Black "Joyeux, Gerard"]
[Result "1/2-1/2"]
[WhiteElo "1378"]
[BlackElo "1601"]
[PlyCount "61"]
[EventDate "2012.10.21"]
[EventType "swiss"]
[EventRounds "7"]
[EventCountry "GCI"]
[SourceTitle "EXT 2015"]
[Source "ChessBase"]
[SourceDate "2014.11.20"]
[SourceVersion "1"]
[SourceVersionDate "2014.11.20"]
[SourceQuality "1"]

1. d4 d5 2. c4 e5 3. dxe5 d4 4. Nf3 Nc6 5. e3 Bb4+ 6. Bd2 dxe3 7. fxe3 Bg4 8. Qe2 Bxd2+ 9. Nbxd2 Nxe5 10. 0-0-0 Qe7 11. h3 Be6 12. Nxe5 Nf6 13. g4 0-0 14. Bg2 c6 15. Ne4 Nxe4 16. Bxe4 Bc8 17. Bxh7+ Kxh7 18. Qd3+ Kg8 19. Qc3 Re8 20. Nd3 Qxe3+ 21. Kb1 Qg5 22. Rde1 Rxe1+ 23. Rxe1 Be6 24. Ne5 Qh6 25. Rd1 Qh7+ 26. Ka1 Qh6 27. Qd3 Qf4 28. Re1 a5 29. Qe3 Qxe3 30. Rxe3 Rd8 31. b3 1/2-1/2

[Event "Guernsey Holiday op"]
[Site "Guernsey"]
[Date "2012.10.25"]
[Round "5"]
[White "Joyeux, Gerard"]
[Black "Kok, Frans"]
[Result "0-1"]
[WhiteElo "1601"]
[BlackElo "1565"]
[PlyCount "130"]
[EventDate "2012.10.21"]
[EventType "swiss"]
[EventRounds "7"]
[EventCountry "GCI"]
[SourceTitle "EXT 2015"]
[Source "ChessBase"]
[SourceDate "2014.11.20"]
[SourceVersion "1"]
[SourceVersionDate "2014.11.20"]
[SourceQuality "1"]

1. d4 Nf6 2. Nc3 e6 3. e4 Bb4 4. Bd3 Nc6 5. Nf3 Bxc3+ 6. bxc3 d5 7. Bg5 Ne7 8. Bxf6 gxf6 9. 0-0 dxe4 10. Bxe4 f5 11. Bd3 b6 12. Ne5 Bb7 13. Qh5 0-0 14. Rae1 f6 15. Ng4 Qe8 16. Qh4 Qg6 17. f3 h5 18. Ne3 Qg5 19. Qxg5+ fxg5 20. c4 Rad8 21. c3 c5 22. Nc2 Kf7 23. Re2 Kf6 24. Rfe1 Rd6 25. d5 Bc8 26. Na3 a6 27. Bc2 Ng6 28. g3 exd5 29. cxd5 Rxd5 30. Nc4 b5 31. Nb6 Rd6 32. Nxc8 Rxc8 33. Kf2 Rcd8 34. Kf1 Rd2 35. Re6+ Kf7 36. Bxf5 Nf8 37. Rxa6 Rxh2 38. Kg1 Rdd2 39. Ra7+ Kf6 40. Ra6+ Kxf5 41. g4+ hxg4 42. fxg4+ Kxg4 43. Rf6 Nd7 44. Re4+ Kh5 45. Rf7 Rhg2+ 46. Kf1 Nb6 47. Rh7+ Kg6 48. Rb7 Na4 49. Ree7 Nxc3 50. Rb6+ Kh5 51. Rh7+ Kg4 52. Re6 Rxa2 53. Rg7 b4 54. Re5 Kf4 55. Rxc5 Rgf2+ 56. Kg1 Ne4 57. Rf7+ Ke3 58. Rxf2 Rxf2 59. Rb5 Rb2 60. Kf1 g4 61. Kg1 g3 62. Kf1 Nd2+ 63. Kg2 Ne4+ 64. Kh3 Rh2+ 65. Kg4 g2 0-1

[Event "Cholet-B"]
[Site "Cholet"]
[Date "2011.03.11"]
[Round "9"]
[White "Joyeux, Gerard"]
[Black "Fernandez, Clement"]
[Result "0-1"]
[WhiteElo "1643"]
[BlackElo "1712"]
[PlyCount "54"]
[EventDate "2011.03.05"]
[EventType "tourn"]
[EventRounds "9"]
[EventCountry "FRA"]
[SourceTitle "EXT 2012"]
[Source "ChessBase"]
[SourceDate "2011.11.24"]
[SourceVersion "1"]
[SourceVersionDate "2011.11.24"]
[SourceQuality "1"]

1. d4 d5 2. Nc3 Nf6 3. e4 dxe4 4. f3 exf3 5. Nxf3 Bg4 6. h3 Bh5 7. g4 Bg6 8. Ne5 e6 9. Qf3 Bb4 10. Qxb7 Bxc3+ 11. bxc3 Be4 12. Bb5+ Kf8 13. Nc6 Nxc6 14. Bxc6 Rb8 15. Qa6 Bxh1 16. Ba3+ Kg8 17. Bxh1 h5 18. g5 Nd5 19. h4 g6 20. Qxa7 Kg7 21. Qc5 Re8 22. 0-0-0 Qd7 23. Bb2 Rb5 24. Qa7 Reb8 25. Ba3 Qc6 26. Bxd5 exd5 27. Bb4 Ra8 0-1

[Event "Cholet-B"]
[Site "Cholet"]
[Date "2011.03.09"]
[Round "7"]
[White "Henrio, Patrice"]
[Black "Joyeux, Gerard"]
[Result "0-1"]
[WhiteElo "1635"]
[BlackElo "1643"]
[PlyCount "68"]
[EventDate "2011.03.05"]
[EventType "tourn"]
[EventRounds "9"]
[EventCountry "FRA"]
[SourceTitle "EXT 2012"]
[Source "ChessBase"]
[SourceDate "2011.11.24"]
[SourceVersion "1"]
[SourceVersionDate "2011.11.24"]
[SourceQuality "1"]

1. e4 c5 2. b4 e6 3. bxc5 Bxc5 4. d4 Bb6 5. Nf3 h6 6. Bc4 d5 7. Bb5+ Bd7 8. Bxd7+ Qxd7 9. e5 Ne7 10. 0-0 Nbc6 11. c3 Rc8 12. a4 Na5 13. Bd2 Nc4 14. Qb3 Nc6 15. Na3 0-0 16. Nxc4 dxc4 17. Qd1 Ba5 18. Ne1 Ne7 19. f4 Rfd8 20. Rf3 Nf5 21. Nc2 Rc6 22. g4 Ne7 23. Ne3 Rb6 24. Nxc4 Ra6 25. Nd6 Nc8 26. Ne4 Ne7 27. Nd6 Qc6 28. f5 Nd5 29. Ne4 Bb6 30. Rh3 Qc7 31. f6 Qxe5 32. Qe1 Bxd4+ 33. cxd4 Qxd4+ 34. Kh1 Nxf6 0-1

[Event "St Chely d'Aubrac op 10th"]
[Site "St Chely d'Aubrac"]
[Date "2010.07.14"]
[Round "6"]
[White "Balducchi, Francois"]
[Black "Joyeux, Gerard"]
[Result "0-1"]
[WhiteElo "1721"]
[BlackElo "1657"]
[PlyCount "128"]
[EventDate "2010.07.10"]
[EventType "swiss"]
[EventRounds "9"]
[EventCountry "FRA"]
[SourceTitle "CBM 137 Extra"]
[Source "ChessBase"]
[SourceDate "2010.09.01"]
[SourceVersion "1"]
[SourceVersionDate "2010.09.01"]
[SourceQuality "1"]

1. e4 c5 2. Nf3 Nc6 3. Bb5 Qb6 4. Bxc6 Qxc6 5. d3 d6 6. 0-0 Bg4 7. h3 Bh5 8. Re1 h6 9. c3 Bg6 10. e5 e6 11. Bf4 d5 12. c4 d4 13. Na3 a6 14. Nc2 Ne7 15. b4 b6 16. bxc5 bxc5 17. Rb1 Nc8 18. Qd2 Be7 19. Rb2 0-0 20. Reb1 Bd8 21. Qe2 Ne7 22. Rb7 Nc8 23. R7b2 Ne7 24. Nce1 Bc7 25. Nh2 Bf5 26. g4 Bh7 27. Qf3 Qe8 28. Rb7 Qd8 29. g5 h5 30. Qxh5 Ng6 31. Bg3 Bxe5 32. Bxe5 Nxe5 33. g6 Nxg6 34. Qxc5 Nf4 35. Qa3 Qg5+ 36. Ng4 Nxh3+ 37. Kh2 Qxg4 38. f3 Qh5 39. Qd6 Bf5 40. Ng2 Ng5+ 41. Kg1 Nxf3+ 42. Kf2 Ng5 43. Qg3 Nh7 44. Nf4 Qg4 45. Qxg4 Bxg4 46. Rg1 Bf5 47. Nh5 g6 48. Ke2 Rab8 49. Ra7 Rb2+ 50. Kf3 Rxa2 51. Nf4 Ra3 52. Rd1 e5 53. Nd5 Ng5+ 54. Kf2 Bxd3 55. c5 Ne4+ 56. Kg1 Nxc5 57. Nb4 Bb5 58. Nd5 Rh3 59. Rc7 Ne6 60. Ra7 Kg7 61. Kg2 Rfh8 62. Kf2 Rh2+ 63. Kg3 R8h3+ 64. Kg4 Be2# 0-1

[Event "St Chely d'Aubrac op 10th"]
[Site "St Chely d'Aubrac"]
[Date "2010.07.11"]
[Round "2"]
[White "Joyeux, Gerard"]
[Black "Degraeve, Remy"]
[Result "1-0"]
[WhiteElo "1657"]
[BlackElo "1320"]
[PlyCount "61"]
[EventDate "2010.07.10"]
[EventType "swiss"]
[EventRounds "9"]
[EventCountry "FRA"]
[SourceTitle "CBM 137 Extra"]
[Source "ChessBase"]
[SourceDate "2010.09.01"]
[SourceVersion "1"]
[SourceVersionDate "2010.09.01"]
[SourceQuality "1"]

1. d4 d5 2. e4 dxe4 3. f3 exf3 4. Nxf3 Nc6 5. Bc4 Bf5 6. c3 Nf6 7. Nbd2 e6 8. Nf1 Bd6 9. Bb5 a6 10. Bd3 Bxd3 11. Qxd3 Ng4 12. h3 Nf6 13. Bg5 h6 14. Bh4 g5 15. Bg3 Bxg3+ 16. Nxg3 Qd6 17. Ne2 0-0-0 18. 0-0-0 g4 19. Nd2 Rhg8 20. Rdf1 Nd7 21. Rxf7 Nde5 22. Qh7 Nxf7 23. Qxf7 Rgf8 24. Qg6 Rf2 25. Ne4 Qf4+ 26. Nxf4 Rxf4 27. Qxe6+ Kb8 28. hxg4 Rd6 29. Nxd6 cxd6 30. Qxd6+ Kc8 31. Qxf4 1-0

[Event "St Chely d'Aubrac op 10th"]
[Site "St Chely d'Aubrac"]
[Date "2010.07.10"]
[Round "1"]
[White "Villegas, Pierre"]
[Black "Joyeux, Gerard"]
[Result "1-0"]
[WhiteElo "2244"]
[BlackElo "1657"]
[PlyCount "47"]
[EventDate "2010.07.10"]
[EventType "swiss"]
[EventRounds "9"]
[EventCountry "FRA"]
[SourceTitle "CBM 137 Extra"]
[Source "ChessBase"]
[SourceDate "2010.09.01"]
[SourceVersion "1"]
[SourceVersionDate "2010.09.01"]
[SourceQuality "1"]

1. d4 d5 2. c4 e5 3. dxe5 d4 4. Nf3 Nc6 5. a3 Nge7 6. b4 Ng6 7. Bb2 Ngxe5 8. Nxe5 Nxe5 9. e3 Be6 10. Bxd4 Nxc4 11. Qc2 Nb6 12. Bd3 Rc8 13. 0-0 Nd5 14. Rd1 a6 15. Nd2 Nf4 16. Bf1 Nh5 17. Ne4 Qe7 18. Be2 Nf6 19. Nxf6+ gxf6 20. Bc5 Bb3 21. Qxb3 Qe4 22. Bf3 Qe5 23. Bxb7 Rb8 24. Bc6# 1-0

[Event "Fouesnant op 15th"]
[Site "Fouesnant"]
[Date "2009.10.27"]
[Round "5"]
[White "Joyeux, Gerard"]
[Black "Delerme, Raymond"]
[Result "0-1"]
[WhiteElo "1710"]
[BlackElo "1908"]
[PlyCount "76"]
[EventDate "2009.10.26"]
[EventType "swiss"]
[EventRounds "9"]
[EventCountry "FRA"]
[SourceTitle "EXT 2010"]
[Source "ChessBase"]
[SourceDate "2010.11.25"]
[SourceVersion "1"]
[SourceVersionDate "2010.11.25"]
[SourceQuality "1"]

1. e4 c5 2. Nf3 d6 3. Nc3 Nf6 4. h3 a6 5. Bc4 b5 6. Be2 b4 7. e5 dxe5 8. Na4 e4 9. Ne5 Qc7 10. Nc4 Nbd7 11. d3 Bb7 12. 0-0 exd3 13. cxd3 Rd8 14. Re1 e6 15. Bg5 Be7 16. Qc2 Nd5 17. Bxe7 Nxe7 18. Rac1 0-0 19. Nd2 Rc8 20. d4 Qf4 21. dxc5 Nc6 22. Nf3 Nce5 23. Nxe5 Nxe5 24. f3 Rfd8 25. Rcd1 Qg5 26. Rxd8+ Rxd8 27. Rd1 Rc8 28. Qd2 Qh4 29. Nb6 Rf8 30. Qe3 Qg3 31. Kh1 Ng6 32. Qg1 Nf4 33. Rd2 f5 34. Bd1 h6 35. Nd7 Rf7 36. Ne5 Nxh3 37. Nxf7 Nxg1 38. Kxg1 Qe1+ 0-1

[Event "Fouesnant op 15th"]
[Site "Fouesnant"]
[Date "2009.10.26"]
[Round "4"]
[White "Roussel, Stephane"]
[Black "Joyeux, Gerard"]
[Result "0-1"]
[WhiteElo "1478"]
[BlackElo "1710"]
[PlyCount "74"]
[EventDate "2009.10.26"]
[EventType "swiss"]
[EventRounds "9"]
[EventCountry "FRA"]
[SourceTitle "EXT 2010"]
[Source "ChessBase"]
[SourceDate "2010.11.25"]
[SourceVersion "1"]
[SourceVersionDate "2010.11.25"]
[SourceQuality "1"]

1. d4 Nf6 2. Nf3 e6 3. c4 b6 4. g3 Bb7 5. Bg2 Bb4+ 6. Nc3 Ne4 7. Bd2 Bxc3 8. bxc3 Nxd2 9. Qxd2 0-0 10. 0-0 Re8 11. Qd3 e5 12. e4 Nc6 13. d5 Na5 14. Rab1 c6 15. Nd2 d6 16. Nb3 Nxb3 17. Rxb3 c5 18. Bh3 a5 19. Rfb1 Ra6 20. Kg2 Qc7 21. Rb5 Rb8 22. a4 Bc8 23. g4 Qd8 24. Qg3 Qg5 25. R5b2 Qg6 26. f3 Bd7 27. Ra1 Qg5 28. Re2 Rf8 29. Rf1 Bxa4 30. f4 exf4 31. Qxf4 Qxf4 32. Rxf4 Bb3 33. g5 Bxc4 34. Ref2 a4 35. Be6 Ra7 36. e5 dxe5 37. d6 Bxe6 0-1